书目信息 |
| 题名: |
爱伦·坡小说全集
|
|
| 作者: | 爱伦·坡 著 | |
| 分册: | 第一卷 | |
| 出版信息: | 沈阳 辽宁人民出版社 2016.06 |
|
| 页数: | 565页 | |
| 开本: | 18cm | |
| 丛书名: | 最经典英语文库 | |
| 单 册: | ||
| 中图分类: | H319.4:I712.44 | |
| 科图分类: | ||
| 主题词: | 英语--语言读物 , 短篇小说--小说集--美国--近代 | |
| 电子资源: | ||
| ISBN: | 978-7-205-08615-2 | |
| 000 | 00938nam0 2200277 450 | |
| 001 | 0120161976234 | |
| 005 | 20170928155457.93 | |
| 010 | @a978-7-205-08615-2@dCNY30.00 | |
| 100 | @a20160808d2016 em y0chiy50 ea | |
| 101 | 0 | @aeng@gchi |
| 102 | @aCN@b210000 | |
| 105 | @ay z 000ay | |
| 106 | @ar | |
| 200 | 1 | @a爱伦·坡小说全集@9ai lun · po xiao shuo quan ji@h第一卷@dThe works of edgar allan poe@f(美)埃德加·爱伦·坡(Edgar Allan Poe)著@zeng |
| 210 | @a沈阳@c辽宁人民出版社@d2016.06 | |
| 215 | @a565页@d18cm | |
| 225 | 1 | @a最经典英语文库@h第六辑 |
| 304 | @a中文题名信息取自封面 | |
| 333 | @a英语学习人员 | |
| 510 | 1 | @aWorks of edgar allan poe@zeng |
| 606 | 0 | @a英语@j语言读物 |
| 606 | 0 | @a短篇小说@x小说集@y美国@z近代 |
| 690 | @aH319.4:I712.44@v5 | |
| 701 | 0 | @c(美)@a爱伦·坡@9ai lun · po@c(Poe, Edgar Allan@f1809-1849)@4著 |
| 801 | 0 | @aCN@b人天书店@c20160808 |
| 905 | @b1079625-30@dH319.4:I712.44@e1939:1@f6 | |
| 爱伦·坡小说全集.第一卷=The works of edgar allan poe/(美)埃德加·爱伦·坡(Edgar Allan Poe)著.-沈阳:辽宁人民出版社,2016.06 |
| 565页;18cm.-(最经典英语文库.第六辑) |
| 使用对象:英语学习人员 |
| ISBN 978-7-205-08615-2:CNY30.00 |
| ● |
| 相关链接 |
|
|
|
|
正题名:爱伦·坡小说全集
索取号:H319.4:I712.44/1939:1
 
预约/预借
| 序号 | 登录号 | 条形码 | 馆藏地/架位号 | 状态 | 备注 |
| 1 | 1079625 | 210796254 | 第二样本阅览室/ [索取号:H319.4:I712.44/1939:1] | 在馆 | |
| 2 | 1079626 | 210796263 | 第四借阅区/ [索取号:H319.4:I712.44/1939:1] | 在馆 | |
| 3 | 1079627 | 210796272 | 第四借阅区/ [索取号:H319.4:I712.44/1939:1] | 在馆 | |
| 4 | 1079628 | 210796281 | 第四借阅区/ [索取号:H319.4:I712.44/1939:1] | 在馆 | |
| 5 | 1079629 | 210796290 | 第四借阅区/ [索取号:H319.4:I712.44/1939:1] | 在馆 | |
| 6 | 1079630 | 210796307 | 密集书库—外国语学院/ [索取号:H319.4:I712.44/1939:1] | 在馆 |